[Event "18 th Iranian Men Chess Championship"]
[Site "?"]
[Date "2008.02.22"]
[Round "8"]
[White "Dalir, Faradj"]
[Black "Vaghar, Mohsen"]
[Result "1/2-1/2"]
[WhiteElo "2200"]
[BlackElo "2237"]
[PlyCount "161"]
[EventDate "2008.??.??"]

1. Nf3 d5 2. d4 Nf6 3. c4 e6 4. Nc3 Be7 5. Bg5 Nbd7 6. e3 O-O 7. Bd3 dxc4 8.
Bxc4 c5 9. O-O cxd4 10. exd4 Nb6 11. Bd3 Nbd5 12. Ne5 h6 13. Bh4 a5 14. Bc2 Nb4
15. Bb1 Nc6 16. Nf3 b6 17. a3 Bb7 18. Qc2 g6 19. Rd1 Nd5 20. Nxd5 Qxd5 21. Ba2
Qh5 22. d5 Bxh4 23. dxc6 Rac8 24. Nxh4 Qxh4 25. Bxe6 Rxc6 26. Qxg6+ Kh8 27. Qg4
Qxg4 28. Bxg4 Rg6 29. Bh3 Bxg2 30. Bxg2 Rfg8 31. Kh1 Rxg2 32. Rf1 R2g5 33. Rad1
R8g6 34. Rd3 Re6 35. Rfd1 Kg7 36. h3 Kf6 37. Rb3 b5 38. Rdd3 Re2 39. Rf3+ Ke6
40. h4 Rh5 41. Kg2 Re4 42. Rfe3 Rxe3 43. Rxe3+ Re5 44. Rb3 Kd6 45. Kf3 Kc5 46.
Rc3+ Kd4 47. Rc1 Rf5+ 48. Kg3 b4 49. axb4 axb4 50. b3 Kd3 51. Rc4 Rb5 52. Kf4
Ke2 53. f3 Kd3 54. Kg4 Ke3 55. Rf4 h5+ 56. Kg3 f5 57. Rc4 Rb6 58. f4 Rg6+ 59.
Kh3 Rg1 60. Rxb4 Kf3 61. Kh2 $11 Rb1 62. Rb8 Kxf4 63. b4 Kg4 64. b5 Rb2+ 65.
Kg1 Kg3 66. Kf1 f4 67. b6 Rb1+ 68. Ke2 f3+ 69. Ke3 Rb3+ 70. Kd2 Rb2+ 71. Ke3
Re2+ 72. Kd3 Re1 73. b7 f2 74. Rg8+ Kxh4 75. Rf8 Rb1 76. Ke2 Rb2+ 77. Kf1 $11
Rxb7 78. Ke2 Rb2+ 79. Kf1 Kg3 80. Rg8+ Kh3 81. Rg3+ 1/2-1/2

[Event "18 th Iranian Men Chess Championship"]
[Site "?"]
[Date "2008.02.25"]
[Round "9"]
[White "Vaghar, Mohsen"]
[Black "Roghani, Arash"]
[Result "0-1"]
[WhiteElo "2237"]
[BlackElo "2362"]
[PlyCount "72"]
[EventDate "2008.??.??"]

1. e4 e6 2. Qe2 c5 3. g3 Nc6 4. c3 g6 5. Bg2 Bg7 6. Nf3 Nge7 7. O-O b6 8. d4
cxd4 9. cxd4 a5 10. Qd1 Ba6 11. Re1 Nb4 12. Bf1 Bxf1 13. Rxf1 O-O 14. a3 Nbc6
15. Nc3 d5 16. e5 f6 17. exf6 Bxf6 18. Qe2 Qd7 19. Bh6 Rf7 20. Ne5 Bxe5 21.
dxe5 Nd4 22. Qg4 Nf3+ 23. Kg2 Nc6 24. Bf4 Ncxe5 25. Bxe5 Nxe5 26. Qd4 Nc6 27.
Qxb6 Rb8 28. Qc5 Rxb2 29. Rac1 Ne5 30. Qxa5 Nc4 31. Qc5 Nd2 32. Nd1 Rb8 33. Re1
Nb3 34. Qc2 Nxc1 35. Qxc1 d4 36. Nb2 Qb7+ 0-1

[Event "18 th Iranian Men Chess Championship"]
[Site "?"]
[Date "2008.02.25"]
[Round "9"]
[White "Sadeh, Shahin"]
[Black "Dalir, Fardj"]
[Result "1-0"]
[WhiteElo "2200"]
[BlackElo "2200"]
[PlyCount "107"]
[EventDate "2008.??.??"]

1. e4 e6 2. d3 d5 3. Nd2 g6 4. Ngf3 Bg7 5. g3 Ne7 6. Bg2 O-O 7. O-O Nd7 8. Re1
Rb8 9. Nf1 c6 10. h4 e5 11. exd5 Nxd5 12. c4 N5b6 13. Be3 Re8 14. Rb1 Nf8 15.
Qb3 Ne6 16. N1d2 Nd7 17. Qa3 a5 18. Ne4 Bf8 19. c5 b6 20. Qc3 Nexc5 21. Nxc5
bxc5 22. Bd2 Bg7 23. Qxa5 Qxa5 24. Bxa5 Ra8 25. Bc3 Rxa2 26. Nxe5 Nxe5 27. f4
Bf5 28. fxe5 c4 29. Bxc6 Rd8 30. d4 Bxb1 31. Rxb1 Ra7 32. Kf2 f6 33. e6 Bf8 34.
d5 Be7 35. Rc1 Rd6 36. Rd1 Rc7 37. Bb4 Rdxc6 38. Bxe7 Rxe6 39. dxe6 Rxe7 40.
Rd6 Kf8 41. Rd8+ Kg7 42. Rd7 Kf8 43. Rxe7 Kxe7 44. Ke3 g5 45. Kd4 h5 46. Kxc4
f5 47. hxg5 f4 48. Kd3 fxg3 49. Ke3 Kxe6 50. b4 Kf5 51. g6 Kxg6 52. b5 h4 53.
Kf3 Kf5 54. b6 1-0

[Event "18 th Iranian Men Chess Championship"]
[Site "?"]
[Date "2008.02.25"]
[Round "9"]
[White "Mohammadi, Hamidreza"]
[Black "Salehian, Sina"]
[Result "1-0"]
[WhiteElo "2307"]
[BlackElo "2101"]
[PlyCount "101"]
[EventDate "2008.??.??"]

1. e4 d6 2. d4 Nf6 3. f3 e5 4. dxe5 dxe5 5. Qxd8+ Kxd8 6. Bc4 Be6 7. Bxe6 fxe6
8. Nh3 Bc5 9. Nf2 Nc6 10. Nd3 Bb6 11. Na3 Ke7 12. Nc4 Nd7 13. Bg5+ Kf7 14. Bh4
h6 15. Bg3 Kf6 16. c3 a5 17. a4 Bc5 18. Ke2 Bd6 19. Rad1 g5 20. Nf2 Ke7 21. Nd3
Rag8 22. h3 Rd8 23. h4 Rdg8 24. hxg5 hxg5 25. Rxh8 Rxh8 26. Nf2 Nf6 27. Ng4
Nxg4 28. fxg4 Rh7 29. Bf2 Rg7 30. Kf3 Rh7 31. Be3 Rg7 32. Kg3 Rg8 33. Rh1 Kf6
34. Rh6+ Rg6 35. Rh8 Be7 36. Rc8 Bd8 37. Ra8 b6 38. Bxb6 cxb6 39. Rc8 Rg7 40.
Rxc6 Rc7 41. Rxc7 Bxc7 42. Kf2 Ke7 43. Ke2 Kd7 44. Nd2 Kd6 45. Kd3 Ke7 46. Kc4
Kd6 47. Kb5 Kd7 48. Nc4 Kc8 49. Nxb6+ Kb7 50. Nc4 Ka7 51. Nxa5 1-0

[Event "18 th Iranian Men Chess Championship"]
[Site "?"]
[Date "2008.02.25"]
[Round "9"]
[White "Momeni, Ebrahim"]
[Black "Ghorbani, Mohsen"]
[Result "1/2-1/2"]
[WhiteElo "2263"]
[BlackElo "2347"]
[PlyCount "143"]
[EventDate "2008.??.??"]

1. d4 d5 2. Nf3 Nf6 3. c4 c6 4. Nc3 g6 5. e3 Bg7 6. Be2 O-O 7. O-O e6 8. b3
Nbd7 9. Bb2 b6 10. Qc2 Bb7 11. e4 Rc8 12. Rad1 Qc7 13. Qb1 dxe4 14. Nxe4 Nxe4
15. Qxe4 c5 16. Qb1 cxd4 17. Nxd4 a6 18. Bf3 e5 19. Bxb7 Qxb7 20. Nc2 b5 21.
Ne3 Rfe8 22. Rfe1 Nf8 23. cxb5 axb5 24. a4 Ne6 25. axb5 Nf4 26. f3 Qxb5 27. g3
Ne2+ 28. Kf2 Nc3 29. Bxc3 Rxc3 30. b4 Qb6 31. Rd3 e4 32. fxe4 Rc4 33. Kg2 Rxb4
34. Qd1 Rbxe4 35. Qf3 Qb5 36. Red1 Qc5 37. Ng4 h5 38. Nf2 Rd4 39. R1d2 Rxd3 40.
Qxd3 Rb8 41. Ne4 Qe7 42. Qd5 Be5 43. Re2 Bg7 44. Rd2 h4 45. Re2 hxg3 46. hxg3
Rd8 47. Qg5 Qxg5 48. Nxg5 Bh6 49. Ne4 f5 50. Nf2 Kf7 51. Nh3 Bd2 52. g4 Kf6 53.
gxf5 gxf5 54. Ng1 Rd3 55. Nf3 Bc3 56. Ra2 f4 57. Ra8 Kf5 58. Rf8+ Bf6 59. Nh4+
Ke6 60. Nf3 Ra3 61. Rb8 Kf5 62. Rb4 Be7 63. Rb5+ Kf6 64. Rd5 Re3 65. Nd4 Kg6
66. Nf3 Bf6 67. Rb5 Rc3 68. Rd5 Be7 69. Ne5+ Kf6 70. Nd3 Rc4 71. Kf3 Ke6 72.
Nxf4+ 1/2-1/2

[Event "18 th Iranian Men Chess Championship"]
[Site "?"]
[Date "2008.02.24"]
[Round "10"]
[White "Mohammadi, Hamidreza"]
[Black "Ghaemmaghami, Ehsan"]
[Result "0-1"]
[WhiteElo "2307"]
[BlackElo "2589"]
[PlyCount "57"]
[EventDate "2008.??.??"]

1. e4 c5 2. Nc3 a6 3. Nf3 d6 4. d4 cxd4 5. Nxd4 Nf6 6. Bc4 e6 7. Bb3 b5 8. Bg5
Be7 9. Qf3 Qb6 10. O-O Nbd7 11. Rad1 O-O 12. Qg3 Kh8 13. Kh1 Bb7 14. f3 Rac8
15. Be3 Qa5 16. Nce2 Nc5 17. Qh3 Qc7 18. Qg3 Rg8 19. Rd2 g5 20. h3 h5 21. Nc3
Rg7 22. Ncxb5 axb5 23. Nxb5 Nfxe4 24. fxe4 Nxe4 25. Qe1 Qa5 26. Nd4 Nxd2 27.
Bxd2 Qe5 28. Bc3 Qxe1 29. Rxe1 0-1

[Event "18 th Iranian Men Chess Championship"]
[Site "?"]
[Date "2008.02.24"]
[Round "10"]
[White "Roghani, Arash"]
[Black "Sadeh, Shahin"]
[Result "1-0"]
[WhiteElo "2362"]
[BlackElo "2200"]
[PlyCount "69"]
[EventDate "2008.??.??"]

1. d4 Nf6 2. c4 e6 3. Nc3 d5 4. cxd5 exd5 5. Bg5 Be7 6. e3 b6 7. Bd3 Bb7 8. Nf3
Nbd7 9. Qc2 Nf8 10. Ne5 Qc8 11. Rc1 Ne6 12. Bxf6 Bxf6 13. f4 Bxe5 14. fxe5 Qd8
15. O-O Qg5 16. Rf3 c6 17. Rcf1 Rf8 18. Qa4 a6 19. Bf5 b5 20. Qc2 Qe7 21. Bxe6
Qxe6 22. Qxh7 O-O-O 23. Qxg7 Rh8 24. Rxf7 Rdg8 25. Rf8+ Rxf8 26. Rxf8+ Rxf8 27.
Qxf8+ Kc7 28. Qd6+ Qxd6 29. exd6+ Kxd6 30. b4 c5 31. dxc5+ Ke5 32. Ne2 Ke4 33.
Kf2 Kd3 34. Nd4 Kc3 35. h4 1-0

[Event "18 th Iranian Men Chess Championship"]
[Site "?"]
[Date "2008.02.24"]
[Round "10"]
[White "Salehian, Sina"]
[Black "Ahmadinia, Ebrahim"]
[Result "0-1"]
[WhiteElo "2101"]
[BlackElo "2237"]
[PlyCount "56"]
[EventDate "2008.??.??"]

1. e4 c5 2. Nc3 Nc6 3. f4 e6 4. Nf3 d5 5. Bb5 a6 6. Bxc6+ bxc6 7. d3 Qb6 8. O-O
c4+ 9. d4 Bb4 10. e5 Nh6 11. Ne2 Be7 12. h3 Bd7 13. g4 Ng8 14. Qe1 h5 15. Qg3
hxg4 16. hxg4 Nh6 17. c3 O-O-O 18. b3 f5 19. g5 Ng4 20. bxc4 dxc4 21. Nh4 Be8
22. Rd1 Qa5 23. Bd2 Qd5 24. Be1 c5 25. dxc5 Bxc5+ 26. Nd4 Bc6 27. Kf1 Rxh4 28.
Nxc6 Rh1+ 0-1

[Event "18 th Iranian Men Chess Championship"]
[Site "?"]
[Date "2008.02.24"]
[Round "10"]
[White "Golizadeh, Asghar"]
[Black "Vaghar, Mohsen"]
[Result "1-0"]
[WhiteElo "2296"]
[BlackElo "2227"]
[PlyCount "75"]
[EventDate "2008.??.??"]

1. e4 c6 2. Nc3 d5 3. Nf3 e6 4. d4 Nf6 5. Bd3 Be7 6. O-O O-O 7. e5 Nfd7 8. Ne2
c5 9. c3 Nc6 10. a3 c4 11. Bc2 b5 12. h4 a5 13. Ng5 g6 14. f4 Re8 15. h5 Bf8
16. Rf3 Bg7 17. Rh3 h6 18. hxg6 hxg5 19. gxf7+ Kxf7 20. fxg5 Rh8 21. Rf3+ Kg8
22. Bg6 Ndxe5 23. dxe5 Nxe5 24. Nf4 Qd6 25. Rf1 Bb7 26. Bh5 Qb6+ 27. Rf2 Rf8
28. Qe2 d4 29. cxd4 Qxd4 30. Be3 Qe4 31. Raf1 Nd3 32. Nxd3 cxd3 33. Rxf8+ Bxf8
34. Qf2 Qf5 35. Qg3 Qxf1+ 36. Kxf1 Rxh5 37. Qb8 Be4 38. Bc5 1-0

[Event "18 th Iranian Men Chess Championship"]
[Site "?"]
[Date "2008.02.24"]
[Round "10"]
[White "Sharbaf, Mohsen"]
[Black "Momeni, Ebrahim"]
[Result "1-0"]
[WhiteElo "2407"]
[BlackElo "2263"]
[PlyCount "125"]
[EventDate "2008.??.??"]

1. Nf3 d5 2. d4 Nf6 3. Nc3 g6 4. Bf4 Bg7 5. e3 O-O 6. Be2 Bg4 7. h3 Bxf3 8.
Bxf3 c6 9. h4 Nbd7 10. h5 Re8 11. hxg6 fxg6 12. g4 e5 13. dxe5 Nxe5 14. g5
Nxf3+ 15. Qxf3 Ne4 16. Nxe4 Rxe4 17. Qh3 Qe7 18. Qxh7+ Kf7 19. O-O-O Ra4 20.
Rh6 Qe6 21. Rdh1 Rg8 22. a3 Rc4 23. R1h4 Qf5 24. c3 b5 25. Bh2 Rh8 26. Qxh8
Bxh8 27. Rxh8 Rxh4 28. Rxh4 Qxg5 29. Rh7+ Ke6 30. Rc7 Qg2 31. Rxc6+ Kf5 32. Bg3
Qf1+ 33. Kd2 Qb1 34. b4 g5 35. Rc7 Qa2+ 36. Kd3 Qxa3 37. Rc5 Qb3 38. e4+ Kg4
39. exd5 Qd1+ 40. Ke4 Qe2+ 41. Kd4 Kf3 42. Rc6 Qe7 43. Re6 Qb7 44. Rf6+ Ke2 45.
Be5 a5 46. bxa5 Qa7+ 47. Ke4 Qxa5 48. d6 Qa8+ 49. Kf5 Qd5 50. Rg6 Kxf2 51. Rg7
Kf3 52. d7 g4 53. Kf6 Ke3 54. Bd4+ Kd3 55. Ke7 Qe4+ 56. Kd6 Qa8 57. Bb6 Qf8+
58. Re7 Qf4+ 59. Re5 Qh6+ 60. Kc7 Qg7 61. Rd5+ Kc4 62. Rc5+ Kd3 63. Kc8 1-0

[Event "18 th Iranian Men Chess Championship"]
[Site "?"]
[Date "2008.02.24"]
[Round "10"]
[White "Ghorbani, Mohsen"]
[Black "Moosavian, S.Hamed"]
[Result "1-0"]
[WhiteElo "2347"]
[BlackElo "2349"]
[PlyCount "77"]
[EventDate "2008.??.??"]

1. d4 e6 2. c4 f5 3. g3 Nf6 4. Bg2 c6 5. Nh3 Be7 6. O-O O-O 7. d5 Qc7 8. Nc3 e5
9. e4 d6 10. exf5 Bxf5 11. Ng5 Nbd7 12. Ne6 Bxe6 13. dxe6 Nc5 14. Bh3 Rad8 15.
b4 Na6 16. Qb3 d5 17. cxd5 Nxd5 18. a3 Qb6 19. Rb1 Nac7 20. Bb2 Rf6 21. Nxd5
Rxd5 22. Rbd1 Bc5 23. Rxd5 Nxd5 24. Kg2 Bd4 25. Bc1 h6 26. Bg4 Kf8 27. Qc2 Kg8
28. Qe2 Nc3 29. Qd3 e4 30. Qc4 Nd5 31. Rd1 Be5 32. f4 exf3+ 33. Bxf3 Bd6 34.
Re1 Kf8 35. Qe4 Ne7 36. Bb2 Rf5 37. Rd1 Rd5 38. Qh7 Be5 39. Bxd5 1-0

[Event "18 th Iranian Men Chess Championship"]
[Site "?"]
[Date "2008.02.24"]
[Round "10"]
[White "Dalir, Faradj"]
[Black "Doostkam, Pooyan"]
[Result "1-0"]
[WhiteElo "2200"]
[BlackElo "2241"]
[PlyCount "145"]
[EventDate "2008.??.??"]

1. Nf3 c5 2. c4 Nc6 3. d4 cxd4 4. Nxd4 g6 5. e4 Bg7 6. Be3 Nf6 7. Nc3 Ng4 8.
Qxg4 Nxd4 9. Qd1 Ne6 10. Qd2 Qa5 11. Be2 b6 12. Rc1 Bb7 13. f3 g5 14. O-O h5
15. Rfd1 d6 16. a3 Qe5 17. b4 h4 18. c5 bxc5 19. bxc5 Nxc5 20. Nb5 O-O 21. Bxg5
Nb3 22. Qe3 Nxc1 23. Rxc1 a6 24. Nc7 Rac8 25. Kh1 h3 26. gxh3 f5 27. Qb3+ Kh8
28. Qxb7 fxe4 29. f4 Qb2 30. Qxb2 Bxb2 31. Rc2 Bxa3 32. Bxa6 Rb8 33. Nd5 Bc5
34. h4 Rb1+ 35. Kg2 Ra8 36. Bf1 Raa1 37. Bxe7 Bd4 38. Rd2 Rxf1 39. Rxd4 Rg1+
40. Kf2 Raf1+ 41. Ke3 Re1+ 42. Kd2 Rd1+ 43. Kc3 Rc1+ 44. Kb3 Rge1 45. Bxd6 e3
46. Bb4 Rb1+ 47. Kc4 Rec1+ 48. Kd3 Rb3+ 49. Bc3 e2 50. Kxe2 Rbxc3 51. Nxc3 Rxc3
52. Rd3 Rc2+ 53. Kf3 Rxh2 54. Kg4 Kg7 55. Rd7+ Kf6 56. Rd6+ Kf7 57. h5 Rh1 58.
h6 Rh2 59. Ra6 Rh1 60. Kg5 Rh2 61. Ra7+ Kg8 62. f5 Rh1 63. Kg6 Rg1+ 64. Kf6 Rh1
65. Ra8+ Kh7 66. Kf7 Rb1 67. Re8 Kxh6 68. f6 Kh7 69. Kf8 Rb2 70. f7 Rb7 71. Ra8
Rb2 72. Ke7 Re2+ 73. Kd6 1-0

[Event "18 th Iranian Men Chess Championship"]
[Site "?"]
[Date "2008.02.26"]
[Round "11"]
[White "Ghaemmaghami, Ehsan"]
[Black "Salehian, Sina"]
[Result "1-0"]
[WhiteElo "2589"]
[BlackElo "2101"]
[PlyCount "113"]
[EventDate "2008.??.??"]

1. c4 d6 2. Nc3 e5 3. Nf3 Nf6 4. d4 Nbd7 5. e4 Be7 6. Be2 O-O 7. O-O c6 8. Re1
a6 9. a3 b5 10. d5 cxd5 11. cxd5 Nb6 12. h3 Bd7 13. Be3 Qb8 14. Nd2 Rc8 15. Rc1
Bd8 16. b3 Ra7 17. Na2 Rac7 18. Rxc7 Qxc7 19. Qb1 Qb7 20. Rc1 Rxc1+ 21. Qxc1
Nc8 22. Nb4 Ne7 23. Qc3 Bb6 24. Nc2 Ne8 25. Bxb6 Qxb6 26. Ne3 Qc7 27. Qxc7 Nxc7
28. Bg4 Bxg4 29. hxg4 Kf8 30. g3 Ke8 31. Kg2 Kd7 32. g5 Ne8 33. f4 f6 34. Ng4
exf4 35. gxf4 f5 36. Ne3 g6 37. Kf3 Nc7 38. b4 Ke8 39. Nb3 fxe4+ 40. Kxe4 Kd8
41. Nd4 Kd7 42. f5 gxf5+ 43. Ndxf5 Nxf5 44. Nxf5 Na8 45. Nh6 Ke7 46. Kf5 Nb6
47. Ng8+ Kf7 48. Nf6 Nc4 49. Nxh7 Ne3+ 50. Ke4 Nc4 51. Nf6 Kg6 52. Ne8 Kxg5 53.
Kd4 Kg6 54. a4 Kf5 55. a5 Kf4 56. Nc7 Ne5 57. Nxa6 1-0

[Event "18 th Iranian Men Chess Championship"]
[Site "?"]
[Date "2008.02.26"]
[Round "11"]
[White "Vaghar, Mohsen"]
[Black "Mohammadi, Hamidreza"]
[Result "0-1"]
[WhiteElo "2227"]
[BlackElo "2307"]
[PlyCount "156"]
[EventDate "2008.??.??"]

1. e4 c5 2. Nf3 d6 3. d4 cxd4 4. Nxd4 Nf6 5. Nc3 a6 6. Be3 e5 7. Nb3 Be6 8. Be2
Be7 9. O-O Nbd7 10. a4 O-O 11. a5 Qc7 12. Nd5 Bxd5 13. exd5 Rfe8 14. c4 Bf8 15.
Nd2 g6 16. b4 Bg7 17. Qb3 e4 18. Rfc1 Ne5 19. c5 Qd7 20. Nc4 Nxc4 21. Bxc4 Ng4
22. c6 Qe7 23. Rab1 Qe5 24. cxb7 Qxh2+ 25. Kf1 Rab8 26. Bxa6 Nxe3+ 27. Qxe3
Qh1+ 28. Ke2 Qh5+ 29. Ke1 Bh6 30. Qh3 Qg5 31. Rc8 Qd2+ 32. Kf1 e3 33. fxe3 Bxe3
34. Qf3 Rexc8 35. bxc8=Q+ Rxc8 36. Qe2 Rc1+ 37. Rxc1 Qxc1+ 38. Qe1 Qa3 39. Bc4
Bd4 40. a6 $11 Bc3 41. Qb1 Bd4 42. Qd3 Qc1+ 43. Ke2 Bb6 44. Qb3 Qf4 45. g3 Qf2+
46. Kd1 h5 47. Qd3 Qb2 48. Bb3 Kg7 49. Qc4 Qf2 50. Qc3+ Bd4 51. Qd3 Be3 52. Bc4
Qxg3 53. Kc2 h4 54. Kb3 Qf2 55. Ka4 h3 56. a7 h2 57. a8=Q h1=Q 58. Kb5 Bf4 59.
Kc6 Be5 60. Qa2 Qf6 61. Qa8 Qe7 62. b5 Qg1 63. Qda3 Qg4 64. Qb3 Qgd7+ 65. Kb6
Qc7+ 66. Ka6 Bd4 67. b6 Bxb6 68. Qc3+ f6 69. Kb5 Qc5+ 70. Ka4 Qf2 71. Qh3 Qa7+
72. Qxa7+ Bxa7 73. Qd7+ Kh6 74. Qxd6 Bc5 75. Qc7 Bb6 76. Qc6 Qb2 77. d6 Qa1+
78. Kb5 Qa5# 0-1

[Event "18 th Iranian Men Chess Championship"]
[Site "?"]
[Date "2008.02.26"]
[Round "11"]
[White "Momeni, Ebrahim"]
[Black "Dalir, Faradj"]
[Result "1-0"]
[WhiteElo "2263"]
[BlackElo "2200"]
[PlyCount "129"]
[EventDate "2008.??.??"]

1. c4 Nf6 2. Nc3 g6 3. Nf3 Bg7 4. d4 O-O 5. e4 d6 6. g3 e5 7. Bg2 Nc6 8. O-O
Bg4 9. d5 Nd4 10. Qd3 Bxf3 11. Bxf3 Nxf3+ 12. Qxf3 Nd7 13. Qe2 f5 14. Kg2 Qe7
15. f3 h5 16. Be3 a6 17. b4 Kh7 18. Rab1 Bh6 19. Bf2 Nf6 20. c5 Kg7 21. Qd3 Qd7
22. a4 h4 23. exf5 gxf5 24. gxh4 Nh5 25. Kh1 Nf4 26. Qc4 Qf7 27. Bg3 Kh8 28. a5
Rg8 29. c6 bxc6 30. Qxc6 Nh3 31. Kg2 Nf4+ 32. Kh1 Nh3 33. Kg2 Nf4+ 34. Kf2 Ng6
35. Ke2 e4 36. h5 Nf4+ 37. Bxf4 Bxf4 38. fxe4 Rg2+ 39. Kd3 fxe4+ 40. Nxe4 Rf8
41. Qc3+ Kh7 42. Qd4 Qxh5 43. Rbe1 Qh3+ 44. Kc4 Qa3 45. Nc3 Rb8 46. Qe4+ Rg6
47. Rb1 Be5 48. Rf7+ Bg7 49. Rf3 Be5 50. Qc2 Kg7 51. Qxg6+ Kxg6 52. Rg1+ Bg3
53. Rfxg3+ Kf7 54. Rf1+ Ke7 55. Rg7+ Ke8 56. Rg8+ Ke7 57. Rxb8 Qb2 58. Rb7 Kd8
59. Rf8+ Ke7 60. Rc8 Kf6 61. Rcxc7 Qxh2 62. Rf7+ Kg6 63. Rg7+ Kf6 64. Rbf7+ Ke5
65. Rg5# 1-0

[Event "18 th Iranian Men Chess Championship"]
[Site "?"]
[Date "2008.02.26"]
[Round "11"]
[White "Ahmadinia, Ebrahim"]
[Black "Ghorbani, Mohsen"]
[Result "0-1"]
[WhiteElo "2227"]
[BlackElo "2347"]
[PlyCount "102"]
[EventDate "2008.??.??"]

1. e4 c6 2. Nc3 d5 3. Nf3 g6 4. d4 Bg7 5. h3 Nh6 6. Bf4 f6 7. exd5 cxd5 8. Nb5
Na6 9. c4 O-O 10. cxd5 Qxd5 11. Nc3 Qf5 12. Bh2 Nb4 13. Bc4+ Nf7 14. O-O Nc6
15. Re1 Kh8 16. Bd3 Qa5 17. d5 Nce5 18. Bc2 Qb6 19. Na4 Qa5 20. Bb3 Bd7 21.
Nxe5 Nxe5 22. Qd4 Rad8 23. Nc5 Bc8 24. Nd3 Nxd3 25. Qxd3 e5 26. Rad1 Bf5 27.
Qe3 Rfe8 28. Qc3 Qb6 29. Ba4 Bd7 30. Bb3 Bf8 31. Re4 Bc5 32. Bg3 Bd6 33. Kh1
Rc8 34. Qe1 Kg7 35. Re3 a5 36. Qe2 Bb5 37. Rdd3 Rc1+ 38. Kh2 Bxd3 39. Qxd3 Rec8
40. Re4 Qc7 41. Rg4 Qd7 42. Ba4 Qf7 43. Re4 R8c5 44. Bb3 b5 45. a4 bxa4 46. Ba2
Ra1 47. Bc4 Qc7 48. Rg4 f5 49. Qxf5 Rxc4 50. Qe6 Rcc1 51. Bh4 e4+ 0-1

[Event "18 th Iranian Men Chess Championship"]
[Site "?"]
[Date "2008.02.26"]
[Round "11"]
[White "Sadeh, Shahin"]
[Black "Golizadeh, Asghar"]
[Result "0-1"]
[WhiteElo "2200"]
[BlackElo "2296"]
[PlyCount "88"]
[EventDate "2008.??.??"]

1. b4 e5 2. Bb2 d6 3. e3 Nf6 4. Nf3 Be7 5. c4 O-O 6. d4 e4 7. Nfd2 d5 8. Qb3 c6
9. Nc3 Be6 10. h3 a6 11. g4 Ne8 12. a3 Bh4 13. Rh2 Kh8 14. O-O-O Qd6 15. f4
exf3 16. Nxf3 Qg3 17. Bg2 Be7 18. Ne2 Qc7 19. c5 Nd7 20. Nf4 Nef6 21. g5 Ne4
22. h4 Bg4 23. Rg1 f6 24. Ne1 fxg5 25. hxg5 Rxf4 26. Nd3 Rff8 27. Ne5 Nxe5 28.
dxe5 Nxg5 29. Bxd5 cxd5 30. Rxg4 Rf1+ 31. Kc2 Qd7 32. Rgg2 Qf5+ 33. Qd3 Rf8 34.
e6 Nxe6 35. Rh6 Bf6 36. Bxf6 Rxf6 37. Rxf6 Qxd3+ 38. Kxd3 Rxf6 39. Rd2 g5 40.
e4 Rf3+ 41. Ke2 dxe4 42. Rd7 Nf4+ 43. Ke1 Rxa3 44. Rxb7 e3 0-1

[Event "18 th Iranian Men Chess Championship"]
[Site "?"]
[Date "2008.02.27"]
[Round "12"]
[White "Ghaemmaghami, Ehsan"]
[Black "Vaghar, Mohsen"]
[Result "1-0"]
[WhiteElo "2589"]
[BlackElo "2227"]
[PlyCount "107"]
[EventDate "2008.??.??"]

1. c4 e5 2. Nc3 Nc6 3. Nf3 Nf6 4. d3 Bb4 5. Bd2 O-O 6. e3 d5 7. cxd5 Nxd5 8.
Be2 Nb6 9. O-O Be6 10. Ne4 Be7 11. Qc2 Nd7 12. Bc3 f5 13. Ned2 Qe8 14. Rfe1 Bf6
15. b4 Qf7 16. a3 g5 17. b5 Ne7 18. d4 e4 19. Ne5 Bxe5 20. dxe5 Nd5 21. Bd4 Qg6
22. Rad1 Rf7 23. Bf1 g4 24. Nb3 h5 25. Bb2 h4 26. Nd4 N7b6 27. a4 Nb4 28. Qd2
Nd3 29. Bxd3 exd3 30. Qb4 g3 31. Nxe6 gxf2+ 32. Kxf2 Qxe6 33. Rxd3 Nc4 34. Rc1
Nxe5 35. Bxe5 Qxe5 36. Kg1 f4 37. exf4 Qxf4 38. Qxf4 Rxf4 39. Rxc7 Raf8 40. h3
Rxa4 41. Rxb7 Rf7 42. Rb8+ Kg7 43. Kh2 Rf1 44. Rd7+ Rf7 45. Rd5 Rf1 46. Rg5+
Kf6 47. Rh5 Kg6 48. Rbh8 Rff4 49. R8h6+ Kg7 50. Rc6 Ra1 51. Rd5 Raa4 52. Rd7+
Rf7 53. Rxf7+ Kxf7 54. Ra6 1-0

[Event "18 th Iranian Men Chess Championship"]
[Site "?"]
[Date "2008.02.27"]
[Round "12"]
[White "Mohammadi, Hamidreza"]
[Black "Sadeh, Shahin"]
[Result "1-0"]
[WhiteElo "2307"]
[BlackElo "2200"]
[PlyCount "93"]
[EventDate "2008.??.??"]

1. d4 Nf6 2. Nf3 d5 3. Bf4 e6 4. e3 Bd6 5. Ne5 O-O 6. Nd2 c5 7. c3 Nc6 8. Bg3
Qc7 9. f4 Ne4 10. Bd3 f5 11. Ndf3 Bxe5 12. fxe5 Ne7 13. O-O Bd7 14. Kh1 Kh8 15.
Ng1 Qb6 16. Qe2 a6 17. a4 Nxg3+ 18. hxg3 Ng8 19. a5 Qd8 20. Nf3 Nh6 21. Kg1 Be8
22. Nh2 c4 23. Bc2 g5 24. Rf2 g4 25. e4 dxe4 26. Bxe4 Bb5 27. Bc2 Qg5 28. Nf1
Ng8 29. Ne3 Ne7 30. Raf1 h5 31. d5 Bd7 32. dxe6 Bxe6 33. Nxc4 h4 34. gxh4 Qxh4
35. g3 Qxg3+ 36. Rg2 Bxc4 37. Qxc4 Qe3+ 38. Kh1 Kg7 39. Rxg4+ Ng6 40. Rxg6+
Kxg6 41. Rg1+ Qxg1+ 42. Kxg1 Rae8 43. Qf4 Re7 44. Kf2 Kf7 45. Ke3 Rfe8 46.
Qxf5+ Kg8 47. Bb3+ 1-0

[Event "18 th Iranian Men Chess Championship"]
[Site "?"]
[Date "2008.02.27"]
[Round "12"]
[White "Golizadeh, Asghar"]
[Black "Doostkam, Pooyan"]
[Result "0-1"]
[WhiteElo "2296"]
[BlackElo "2241"]
[PlyCount "106"]
[EventDate "2008.??.??"]

1. e4 e6 2. d4 d5 3. Nc3 Nf6 4. e5 Nfd7 5. f4 c5 6. Nf3 Nc6 7. Be3 a6 8. Qd2 b5
9. dxc5 Nxc5 10. Qf2 Qe7 11. Bd3 f5 12. exf6 gxf6 13. O-O-O Bb7 14. Rhe1 Nd8
15. Bf5 Ne4 16. Bxe4 dxe4 17. Nd4 f5 18. g4 Qf7 19. Nb3 Nc6 20. Nc5 Rd8 21.
gxf5 exf5 22. Rxd8+ Nxd8 23. Rd1 Bc8 24. Qd2 Nc6 25. Nd5 Bg7 26. Nb4 Qf6 27. c3
Nxb4 28. Bd4 Qd6 29. cxb4 Bxd4 30. Qxd4 Qxd4 31. Rxd4 Rg8 32. Rd2 Rg1+ 33. Kc2
Rf1 34. Rg2 Kf7 35. Kc3 Rxf4 36. Kd4 Rf1 37. Ke5 e3 38. Nd3 Rd1 39. Nf4 Rd2 40.
Re2 Rxe2 41. Nxe2 Bb7 42. Kf4 Bd5 43. b3 Kf6 44. Kxe3 Ke5 45. Nf4 Be4 46. Ne2
Bb1 47. a4 Bc2 48. axb5 axb5 49. Nc3 f4+ 50. Kd2 Bxb3 51. Nxb5 Ke4 52. Ke1 Ke3
53. Nd6 Be6 0-1

[Event "18 th Iranian Men Chess Championship"]
[Site "?"]
[Date "2008.02.27"]
[Round "12"]
[White "Dalir, Faradj"]
[Black "Mousavian, S.Hamed"]
[Result "0-1"]
[WhiteElo "2200"]
[BlackElo "2349"]
[PlyCount "48"]
[EventDate "2008.??.??"]

1. Nf3 d5 2. d4 c6 3. c4 e6 4. Nc3 f5 5. Ne5 Nf6 6. Bg5 Be7 7. e4 fxe4 8. f3
O-O 9. fxe4 Nxe4 10. Bxe7 Qxe7 11. Nxe4 dxe4 12. Qd2 c5 13. O-O-O Nd7 14. Nxd7
Bxd7 15. dxc5 Ba4 16. b3 Rad8 17. Qe3 Qf6 18. Rd6 Qa1+ 19. Kd2 Qxa2+ 20. Ke1
Qb1+ 21. Ke2 Bxb3 22. Qc3 Qa2+ 23. Ke3 Qf2+ 24. Kxe4 Bc2+ 0-1

[Event "18 th Iranian Men Chess Championship"]
[Site "?"]
[Date "2008.02.27"]
[Round "13"]
[White "Sadeh, Shahin"]
[Black "Ghaemmaghami, Ehsan"]
[Result "0-1"]
[WhiteElo "2200"]
[BlackElo "2589"]
[PlyCount "76"]
[EventDate "2008.??.??"]

1. e4 c5 2. Nf3 Nc6 3. d3 g6 4. g3 Bg7 5. Bg2 e5 6. Be3 d6 7. Qd2 h6 8. Nc3
Nge7 9. h4 Be6 10. Ne2 f5 11. c3 Qd7 12. a3 c4 13. exf5 gxf5 14. d4 Bd5 15.
dxe5 dxe5 16. Rd1 O-O-O 17. Qc2 Kb8 18. Qa4 f4 19. Bc5 Qf5 20. O-O Bxf3 21.
Bxf3 e4 22. Bxe7 exf3 23. Rxd8+ Rxd8 24. Bxd8 fxe2 25. Re1 f3 26. Kh2 Nxd8 27.
Qxc4 Be5 28. a4 a6 29. b4 Ne6 30. b5 Nf4 31. Qg8+ Qc8 32. Qxc8+ Kxc8 33. gxf4
Bxf4+ 34. Kh3 axb5 35. axb5 Bd2 36. Kg4 Bxe1 37. Kxf3 Bxc3 38. Kxe2 h5 0-1

[Event "18 th Iranian Men Chess Championship"]
[Site "?"]
[Date "2008.02.27"]
[Round "13"]
[White "Ahmadinia, Ebrahim"]
[Black "Dalir, Faradj"]
[Result "1-0"]
[WhiteElo "2227"]
[BlackElo "2200"]
[PlyCount "49"]
[EventDate "2008.??.??"]

1. e4 e6 2. d4 d5 3. Nc3 Bb4 4. Nge2 Nf6 5. e5 Ne4 6. a3 Bxc3+ 7. Nxc3 Nxc3 8.
bxc3 c5 9. Qg4 Kf8 10. h4 Qc7 11. Rh3 Nc6 12. Rg3 Rg8 13. Bh6 cxd4 14. Bxg7+
Ke8 15. cxd4 Bd7 16. Bd3 Ne7 17. Kf1 Rc8 18. Qh5 Qc3 19. Re1 Ba4 20. Qxh7 Qxd4
21. h5 Qb2 22. h6 Qxa3 23. Qxg8+ Nxg8 24. h7 Kd7 25. h8=Q 1-0